Médaillés du biathlon aux JO 2026 - Statistiques

Statistiques générales
  • Ce quiz a été pris 324 fois
    312 depuis la dernière actualisation
  • Le résultat moyen est 33 sur 53
Statistiques - réponses
Hint Réponse % Correct
Or Julia SIMON
98%
Argent Julia SIMON
98%
Argent Eric PERROT
97%
Argent Lou JEANMONNOT
97%
Bronze Lou JEANMONNOT
97%
Or Quentin FILLON MAILLET
97%
Bronze Quentin FILLON MAILLET
97%
Argent Oceane MICHELON
94%
Or Oceane MICHELON
94%
Bronze Emilien JACQUELIN
93%
Fabien CLAUDE
88%
Bronze Sturla Holm LAEGREID
87%
Or Lisa VITTOZZI
84%
Or Johan-Olav BOTN
83%
Camille BENED
76%
Sebastian SAMUELSSON
76%
Dorothea WIERER
74%
Argent Vetle Sjaastad CHRISTIANSEN
74%
Tommaso GIACOMEL
71%
Or Johannes DALE-SKJEVDAL
69%
Or Martin PONSILUOMA
69%
Elvira OEBERG
68%
Hanna OEBERG
67%
Bronze Sturla Holm LAEGREID
66%
Argent Sturla Holm LAEGREID
66%
Argent Sturla Holm LAEGREID
66%
Franziska PREUSS
65%
Or Maren KIRKEEIDE
63%
Argent Maren KIRKEEIDE
63%
Lukas HOFER
61%
Bronze Suvi MINKKINEN
55%
Bronze Lora HRISTOVA
54%
Anna MAGNUSSON
50%
Vanessa VOIGT
49%
Or France
48%
Or France
48%
Or France
48%
Martin ULDAL
46%
Argent Norvège
46%
Bronze Norvège
46%
Bronze Suède
45%
Argent Suède
45%
Philipp NAWRATH
44%
Argent Italie
42%
Bronze Allemagne
41%
Bronze Tereza VOBORNIKOVA
40%
Jesper NELIN
37%
Karoline Offigstad KNOTTEN
34%
Viktor BRANDT
32%
Justus STRELOW
30%
Marthe Krakstad JOHANSEN
24%
Linn GESTBLOM
22%
Juni ARNEKLEIV
21%
Aucun quiz correspondant
Distribution des résultats
% des personnes avec chaque résultat
Percentile par nombre de réponses
Votre historique - résultats
Vous n’avez pas pris ce quiz depuis la dernière actualisation